[Event "FIDE World Rapid Team"]
[Site "London ENG"]
[Date "2025.06.11"]
[Round "3.6"]
[White "Aryaman Ganguly"]
[Black "Ziems, Michael"]
[Result "1-0"]
[WhiteElo "1826"]
[BlackElo "1904"]
[WhiteTeam "Hammersmith Chess Club"]
[BlackTeam "Berlin Chess Federation"]
[WhiteFideId "25981226"]
[BlackFideId "24678490"]
[EventDate "2025.06.11"]
[EventType "team"]

1. e4 e6 2. d4 d5 3. e5 c5 4. c3 Nc6 5. Nf3 Qb6 6. a3 a5 7. Bd3 Bd7 8. Bc2 cxd4
9. cxd4 Nge7 10. Nc3 Ng6 11. h4 Be7 12. h5 Nf8 13. h6 g6 14. Rb1 f6 15. exf6
Bxf6 16. Be3 Ne7 17. Na4 Bxa4 18. Bxa4+ Nc6 19. Rc1 Rc8 20. Bxc6+ bxc6 21. Rc2
Nd7 22. Bg5 O-O 23. Bxf6 Rxf6 24. O-O Re8 25. Re1 Rf5 26. Qc1 Nb8 27. Rce2 c5
28. dxc5 Qa6 29. Nd4 Rf6 30. Qg5 Kf7 31. Nf3 Rf5 32. Qg4 Nc6 33. Ng5+ Kf6 34.
Nxh7+ Kf7 35. Ng5+ Kf6 36. Rxe6+ 1-0

[Event "FIDE World Rapid Team"]
[Site "London ENG"]
[Date "2025.06.11"]
[Round "3.1"]
[White "Sava, Robert-Gabriel"]
[Black "Emms, John M"]
[Result "0-1"]
[WhiteTitle "CM"]
[BlackTitle "GM"]
[WhiteElo "2121"]
[BlackElo "2417"]
[WhiteTeam "xChess.AI"]
[BlackTeam "Chess Trust Accelerators"]
[WhiteFideId "1265725"]
[BlackFideId "400254"]
[EventDate "2025.06.11"]
[EventType "team"]

1. d4 d5 2. c4 e6 3. Nf3 Nf6 4. g3 Bb4+ 5. Bd2 Be7 6. Bg2 O-O 7. O-O c6 8. Qc2
b6 9. b3 Nbd7 10. Rd1 Bb7 11. Nc3 Ba6 12. e4 dxc4 13. Bf4 cxb3 14. axb3 Bb7 15.
h4 h6 16. Bf1 Re8 17. Bd3 a5 18. e5 Nd5 19. Nxd5 cxd5 20. Qd2 Ba6 21. Bxa6 Rxa6
22. Qd3 Ra7 23. Qb5 Qb8 24. Rdc1 Rc8 25. Kg2 Rxc1 26. Rxc1 Rc7 27. Rh1 Qb7 28.
Qd3 b5 29. g4 Nf8 30. h5 Nh7 31. Bd2 a4 32. bxa4 bxa4 33. Rb1 Qa8 34. g5 hxg5
35. h6 g6 36. Rb6 Rc6 37. Rb5 a3 38. Ra5 Qb7 39. Rxa3 Bxa3 40. Qxa3 Ra6 41. Qc5
Rc6 42. Qa5 Rc8 43. Nxg5 Nxg5 44. Bxg5 Qb1 45. Qa6 Qe4+ 46. Kh2 Rc2 47. Be3 Qxe3 0-1

[Event "FIDE World Rapid Team"]
[Site "London ENG"]
[Date "2025.06.11"]
[Round "3.2"]
[White "Khoury, Theo"]
[Black "Rusu, Lucas"]
[Result "1-0"]
[WhiteTitle "CM"]
[WhiteElo "2209"]
[BlackElo "2038"]
[WhiteTeam "Chess Trust Accelerators"]
[BlackTeam "xChess.AI"]
[WhiteFideId "480703"]
[BlackFideId "42206472"]
[EventDate "2025.06.11"]
[EventType "team"]

1. e4 c5 2. Nf3 e6 3. d4 cxd4 4. Nxd4 Nc6 5. Nc3 Qc7 6. Be3 a6 7. a3 Nf6 8. f4
d6 9. Qf3 Bd7 10. O-O-O Be7 11. g4 Nxd4 12. Rxd4 Bc6 13. g5 Nd7 14. h4 Rc8 15.
Rg1 Nc5 16. f5 e5 17. Rd2 Nd7 18. Bh3 f6 19. Qh5+ Kf8 20. Rdg2 b5 21. gxf6 Nxf6
22. Qf3 a5 23. Rxg7 b4 24. Bh6 Ke8 25. Bg5 Qb6 26. Be3 Qc7 27. Bg5 Qb6 28. Bxf6
Bxf6 29. Qh5+ Kd8 30. Qf7 Qe3+ 31. Kb1 Qh6 32. Rg8+ 1-0

[Event "FIDE World Rapid Team"]
[Site "London ENG"]
[Date "2025.06.11"]
[Round "3.3"]
[White "Badescu, Matei-Andrei"]
[Black "Verbytski, Oleg"]
[Result "0-1"]
[WhiteElo "1947"]
[BlackElo "1994"]
[WhiteTeam "xChess.AI"]
[BlackTeam "Chess Trust Accelerators"]
[WhiteFideId "42213096"]
[BlackFideId "495506"]
[EventDate "2025.06.11"]
[EventType "team"]

1. e4 c5 2. Nf3 d6 3. d4 cxd4 4. Nxd4 Nf6 5. Nc3 a6 6. f3 e6 7. Be3 Be7 8. Qd2
b5 9. a3 Bb7 10. Be2 Nbd7 11. O-O O-O 12. Kh1 Rc8 13. Rad1 Qc7 14. Nb3 Ne5 15.
h3 Nc4 16. Bxc4 bxc4 17. Nc1 Rfd8 18. Qf2 Re8 19. N1e2 d5 20. exd5 exd5 21. Bf4
Qa5 22. Be3 Qc7 23. Bf4 Bd6 24. Bxd6 Qxd6 25. Nd4 g6 26. Nce2 Rb8 27. Qg3 Qxg3
28. Nxg3 Rbd8 29. Kg1 Nd7 30. Rfe1 f5 31. Rxe8+ Rxe8 32. Kf2 Kf7 33. Re1 Rxe1
34. Kxe1 f4 35. Nge2 g5 36. Kd2 Nb6 37. Nf5 Ke6 38. Nfd4+ Ke5 39. c3 Bc8 40. Nc1
Bd7 41. Na2 a5 42. Nc1 Ba4 43. Nce2 Nd7 44. Ng1 Nc5 45. Nge2 Nd3 46. Nc1 Nxb2
47. Nde2 Nd1 48. Ke1 Ne3 49. Kf2 Nc2 50. g3 Nxa3 51. h4 h6 52. hxg5 hxg5 53.
gxf4+ gxf4 54. Na2 Bb3 55. Nac1 Nb5 56. Ke1 a4 57. Nd4 Nxd4 58. cxd4+ Kxd4 59.
Kd2 c3+ 0-1

[Event "FIDE World Rapid Team"]
[Site "London ENG"]
[Date "2025.06.11"]
[Round "3.4"]
[White "Dicen, Elis Denele"]
[Black "Sava, Christiansen-Danut-Eugen"]
[Result "1-0"]
[WhiteTitle "WFM"]
[BlackTitle "FM"]
[WhiteElo "2136"]
[BlackElo "2002"]
[WhiteTeam "Chess Trust Accelerators"]
[BlackTeam "xChess.AI"]
[WhiteFideId "462560"]
[BlackFideId "1210114"]
[EventDate "2025.06.11"]
[EventType "team"]

1. d4 d5 2. c4 c6 3. Nf3 Nf6 4. Nc3 e6 5. cxd5 cxd5 6. Bg5 Be7 7. e3 Nc6 8. Bd3
O-O 9. O-O h6 10. Bh4 Bd7 11. Rc1 Rc8 12. Qe2 Re8 13. Rfd1 Qa5 14. Bb1 a6 15.
Ne5 Nxe5 16. dxe5 Nh7 17. Bxe7 Rxe7 18. Nxd5 exd5 19. Rxc8+ Bxc8 20. Qc2 Nf8 21.
Qxc8 Rc7 22. Qg4 Rc4 23. Qf3 d4 24. Qe2 Qc5 25. Bd3 Rb4 26. a3 Rb6 27. exd4 Qd5
28. Bc4 Qd8 29. h3 Rg6 30. Qf3 Qe7 31. b4 Ne6 32. Kh2 Ng5 33. Qe3 Rc6 34. Bd5
Rc2 35. f4 Ne6 36. Be4 Rc8 37. d5 Nf8 38. d6 Qd7 39. Qb6 Rc3 40. Qxb7 Qa4 41.
Rd2 Nd7 42. Qa8+ Nf8 43. d7 1-0

[Event "FIDE World Rapid Team"]
[Site "London ENG"]
[Date "2025.06.11"]
[Round "3.5"]
[White "Badescu, Eliza-Ioana"]
[Black "Zhao, George"]
[Result "0-1"]
[BlackTitle "CM"]
[WhiteElo "1832"]
[BlackElo "2124"]
[WhiteTeam "xChess.AI"]
[BlackTeam "Chess Trust Accelerators"]
[WhiteFideId "42214890"]
[BlackFideId "494607"]
[EventDate "2025.06.11"]
[EventType "team"]

1. e4 e6 2. d4 d5 3. e5 c5 4. c3 Nc6 5. Nf3 Bd7 6. Be2 f6 7. Bf4 fxe5 8. Nxe5
Nxe5 9. Bxe5 Nf6 10. O-O cxd4 11. cxd4 Be7 12. Nc3 O-O 13. Bd3 Qe8 14. Qe2 Qf7
15. Rfe1 a6 16. Rac1 Rac8 17. Qc2 Kh8 18. Re3 Ng4 19. Rh3 h6 20. Bg6 Qxf2+ 21.
Qxf2 Rxf2 22. Rg3 Nxe5 23. Kxf2 Nxg6 24. Rxg6 Kh7 25. Rg3 Bh4 26. Ke3 Bxg3 27.
hxg3 Kg6 28. Kf4 Kf6 29. Re1 Rc4 30. Ke3 b5 31. Kd3 b4 32. Ne4+ Ke7 33. Nc5 Bb5
34. Rxe6+ Kf7 35. Rd6 Rxc5+ 36. Ke3 Rc2 37. Rxd5 Rxb2 38. Rc5 Ke7 39. Rc7+ Bd7
40. Rb7 a5 41. Ke4 Kd6 42. d5 Re2+ 43. Kd3 Rxa2 44. Kc4 Rxg2 45. Rb6+ Ke7 46.
d6+ Kf7 47. Kc5 Rc2+ 48. Kd5 Rd2+ 49. Kc5 Ke6 50. Rb8 Rxd6 51. Rg8 Rd5+ 52. Kc4
Rg5 53. Kd3 Kf6 54. Kc2 Bf5+ 55. Kb2 Rxg3 56. Rf8+ Kg6 57. Rd8 a4 58. Rd4 Rg2+
59. Ka1 a3 60. Rd6+ Kg5 61. Rd5 Rg1+ 62. Ka2 Kf4 63. Rd4+ Be4 64. Rxb4 h5 65.
Kxa3 h4 66. Rb2 Rg2 67. Rxg2 Bxg2 68. Kb2 h3 69. Kc2 h2 70. Kd2 h1=Q 71. Ke2 Qh3
72. Kf2 Be4 73. Ke2 Qf3+ 74. Ke1 Qg2 75. Kd1 Bd3 76. Kc1 Qc2# 0-1

[Event "FIDE World Rapid Team"]
[Site "London ENG"]
[Date "2025.06.11"]
[Round "3.6"]
[White "Kendall, Arthur"]
[Black "Platschek, Luca"]
[Result "1-0"]
[WhiteElo "1883"]
[BlackElo "1626"]
[WhiteTeam "Chess Trust Accelerators"]
[BlackTeam "xChess.AI"]
[WhiteFideId "343410960"]
[BlackFideId "1289888"]
[EventDate "2025.06.11"]
[EventType "team"]

1. d4 d5 2. c4 e6 3. Nf3 Nf6 4. g3 Be7 5. Bg2 O-O 6. O-O Nbd7 7. Qc2 b6 8. Nbd2
Bb7 9. Rd1 Rc8 10. b3 c5 11. Bb2 Qc7 12. Qd3 Rfd8 13. Rac1 Qb8 14. e3 Ne4 15.
Qb1 Ndf6 16. Ne5 Nxd2 17. Rxd2 cxd4 18. exd4 dxc4 19. bxc4 Bxg2 20. Kxg2 Qb7+
21. f3 h6 22. Qd3 Bd6 23. Re2 Bxe5 24. Rxe5 Nd7 25. Re2 Nc5 26. Qe3 Nd7 27. Qb3
Qa6 28. Kf2 Re8 29. Re4 Qa5 30. Bc3 Qg5 31. Bb2 Nf6 32. Re5 Qg6 33. Rce1 Red8
34. R1e2 Rc7 35. d5 exd5 36. cxd5 Rcd7 37. Rd2 Ne8 38. Rde2 Nd6 39. Ba3 Nf5 40.
Qd3 Nh4 41. Re8+ Rxe8 42. Rxe8+ Kh7 43. Qxg6+ Nxg6 44. d6 b5 45. f4 a5 46. Bc5
h5 47. Ke3 h4 48. Kd4 hxg3 49. hxg3 f6 50. Kd5 Rf7 51. Ke6 Rf8 52. d7 1-0

[Event "FIDE World Rapid Team"]
[Site "London ENG"]
[Date "2025.06.11"]
[Round "3.1"]
[White "Eilenberg, Jonas"]
[Black "Sedykh, Mikhail"]
[Result "1/2-1/2"]
[WhiteTitle "FM"]
[WhiteElo "2316"]
[BlackElo "2159"]
[WhiteTeam "Berlin Lasker Legends"]
[BlackTeam "Desert Penguins"]
[WhiteFideId "16204271"]
[BlackFideId "447498"]
[EventDate "2025.06.11"]
[EventType "team"]

1. d4 d5 2. c4 e6 3. Nc3 Be7 4. cxd5 exd5 5. Bf4 c6 6. e3 Bf5 7. Nge2 Nd7 8. Ng3
Bg6 9. Be2 Ngf6 10. h4 h6 11. h5 Bh7 12. Bd3 O-O 13. Bxh7+ Nxh7 14. Nf5 Nhf6 15.
Qf3 Kh7 16. Kf1 Bb4 17. Ng3 Qe7 18. Kg1 Qe6 19. Qe2 Bxc3 20. bxc3 Ne4 21. Qd3
Kg8 22. Nxe4 dxe4 23. Qe2 Nb6 24. Bg3 Qc4 25. Qg4 f5 26. Qh4 Qxc3 27. Kh2 Qc4
28. Rhc1 Qf7 29. Rcb1 Nd5 30. Bd6 Rfd8 31. Be5 Rd7 32. Rb3 Nf6 33. Bxf6 Qxf6 34.
Qxf6 gxf6 35. Rab1 b6 36. Rc1 Rc8 37. Rbc3 Rd6 38. Kg3 Kf7 39. Kf4 Ke6 40. g4
fxg4 41. Kxe4 Kd7 42. Kf4 Rd5 43. Rg1 f5 44. f3 Rf8 45. Rgc1 Rf6 46. Rc4 gxf3
47. Rf1 Rf7 48. Rxf3 Rg7 49. Rg3 Rxg3 50. Kxg3 f4+ 51. Kxf4 Rxh5 52. Rc2 c5 53.
dxc5 Rxc5 54. Rh2 h5 55. e4 Ke6 56. Rg2 Kf6 57. Rd2 Ra5 58. Rd6+ Ke7 59. Rd2 Ke6
60. Rg2 Ra3 61. Rh2 Kf6 62. Rc2 h4 63. Rc6+ Ke7 64. Rh6 h3 65. Kf5 Rxa2 66. Rxh3
b5 67. Rh7+ Kd6 68. e5+ Kd5 69. Rd7+ Kc6 70. e6 Rf2+ 71. Ke4 Re2+ 72. Kd3 Rxe6
73. Rxa7 Kc5 74. Kc2 Kb4 75. Rh7 Re2+ 76. Kb1 Re3 77. Rh1 Kb3 78. Rg1 b4 79. Rh1
Ka3 80. Rg1 Re2 81. Rh1 b3 82. Rg1 Rb2+ 83. Ka1 Rf2 84. Kb1 Rf3 85. Rh1 b2 86.
Rg1 Rc3 87. Rh1 Kb3 88. Rg1 Rd3 89. Rg3 Kc3 90. Rxd3+ Kxd3 91. Kxb2 1/2-1/2

[Event "FIDE World Rapid Team"]
[Site "London ENG"]
[Date "2025.06.11"]
[Round "3.2"]
[White "Madan, Augustin"]
[Black "Yatskar, Martin"]
[Result "0-1"]
[WhiteTitle "IM"]
[BlackTitle "CM"]
[WhiteElo "2259"]
[BlackElo "2225"]
[WhiteTeam "Desert Penguins"]
[BlackTeam "Berlin Lasker Legends"]
[WhiteFideId "1210327"]
[BlackFideId "34109676"]
[EventDate "2025.06.11"]
[EventType "team"]

1. d4 d5 2. c4 e6 3. Nc3 c5 4. cxd5 exd5 5. Nf3 Nf6 6. g3 Nc6 7. Bg2 Be7 8. O-O
O-O 9. dxc5 Bxc5 10. b3 Ne4 11. Nxe4 dxe4 12. Qxd8 Rxd8 13. Ng5 f5 14. e3 h6 15.
Nh3 Be6 16. Nf4 Bf7 17. h4 g5 18. hxg5 hxg5 19. Nh3 Be7 20. Bb2 Rd2 21. Bc3 Rd3
22. Rfc1 Rad8 23. Bb2 Rd2 24. Bc3 R2d7 25. Bb2 Nb4 26. Bd4 Nc6 27. Bb2 a5 28.
Bf1 Nb4 29. Bd4 Nd3 30. Bxd3 exd3 31. f4 Bh5 32. Nxg5 d2 33. Rd1 Bxg5 34. fxg5
Rxd4 35. exd4 Rxd4 36. Kf2 Rd3 37. a4 Kg7 38. Rab1 Kg6 39. Kg2 Kxg5 40. Kf2 Kf6
41. Kg2 Ke5 42. Kf2 Kd4 43. Kg2 Bxd1 44. Rc1 Bc2 45. Rxc2 Ke3 0-1

[Event "FIDE World Rapid Team"]
[Site "London ENG"]
[Date "2025.06.11"]
[Round "3.3"]
[White "Kunz, Andre"]
[Black "Bansal, Saahil"]
[Result "0-1"]
[WhiteTitle "CM"]
[WhiteElo "2128"]
[BlackElo "1979"]
[WhiteTeam "Berlin Lasker Legends"]
[BlackTeam "Desert Penguins"]
[WhiteFideId "24623652"]
[BlackFideId "438316"]
[EventDate "2025.06.11"]
[EventType "team"]

1. e4 c6 2. d4 d5 3. Nd2 dxe4 4. Nxe4 Nf6 5. Nxf6+ exf6 6. c3 Bd6 7. Bd3 O-O 8.
Qc2 h6 9. Ne2 Qc7 10. h3 Re8 11. O-O Nd7 12. Bd2 Nf8 13. Rae1 c5 14. c4 cxd4 15.
Nxd4 Bd7 16. Nf5 Ne6 17. Nxd6 Qxd6 18. Be3 Bc6 19. Rd1 Qc7 20. b4 Nf4 21. Bxf4
Qxf4 22. b5 Be4 23. Rfe1 Bxd3 24. Rxe8+ Rxe8 25. Qxd3 Rc8 26. Re1 g6 27. Re4 Qc7
28. g3 Kg7 29. Rd4 Qc5 30. h4 Rc7 31. Re4 b6 32. Re8 Re7 33. Rd8 Qe5 34. Kg2 Rc7
35. Qd4 Qe7 36. Rd6 Rxc4 37. Qd3 Qe4+ 38. Qxe4 Rxe4 39. a3 Ra4 40. Rd3 Ra5 41.
Rb3 Kf8 42. Kf3 Ke7 43. Ke4 Kd6 44. Kd4 Ra4+ 45. Kd3 Kc5 46. Kc3 Ra5 47. Rb4
Rxa3+ 0-1

[Event "FIDE World Rapid Team"]
[Site "London ENG"]
[Date "2025.06.11"]
[Round "3.4"]
[White "Bharat Kumar, Balahari"]
[Black "Stein, Theodor"]
[Result "1-0"]
[WhiteElo "2052"]
[BlackElo "1877"]
[WhiteTeam "Desert Penguins"]
[BlackTeam "Berlin Lasker Legends"]
[WhiteFideId "496464"]
[BlackFideId "34602801"]
[EventDate "2025.06.11"]
[EventType "team"]

1. d4 d6 2. g3 Nf6 3. Bg2 g6 4. Nf3 Bg7 5. O-O O-O 6. c4 Nc6 7. Nc3 e5 8. d5 Ne7
9. e4 Nh5 10. Ne1 a6 11. Nd3 Qe8 12. Be3 f5 13. exf5 gxf5 14. f4 e4 15. Nf2 Nf6
16. Ne2 h5 17. Nd4 Ng4 18. Nxg4 hxg4 19. Kf2 Qg6 20. Qe2 Rb8 21. Rh1 c5 22. dxc6
Nxc6 23. Nb3 Nb4 24. Rad1 Nd3+ 25. Rxd3 exd3 26. Qxd3 Be6 27. Nd4 Bxd4 28. Bxd4
b5 29. cxb5 axb5 30. h3 Bc4 31. hxg4 Rfe8 32. Qxf5 Qxf5 33. gxf5 Bxa2 34. Rh8+
Kf7 35. Rh7+ Kf8 36. Bc6 Rec8 37. Bd7 Rc2+ 38. Kf3 Bd5+ 39. Kg4 Bg8 40. Rh8 Ke7
41. Be6 Bxe6 42. Rxb8 Bc4 43. Rb7+ Kf8 44. Rb8+ Kf7 45. Rb7+ Kf8 46. f6 Rd2 47.
Bc3 Rd5 48. f5 Bd3 49. Rb8+ Kf7 50. Rb7+ Kf8 51. Kf4 Rxf5+ 52. Ke3 Bc4 53. g4
Rf1 54. g5 Rg1 55. Rg7 Bf7 56. Bb4 Rg3+ 57. Kd2 Rg2+ 58. Kc3 Rg3+ 59. Kc2 Bb3+
60. Kd2 Rg2+ 61. Kc3 Rg3+ 62. Kd2 Rg2+ 63. Ke3 Bf7 64. Bxd6+ Ke8 65. b4 Rg4 66.
Bf4 Kf8 67. Rh7 Bg6 68. Ra7 Rg1 69. Bd6+ Ke8 70. Bf4 Re1+ 71. Kf2 Re4 72. Kg3
Rd4 73. Rg7 Bf5 74. g6 Kf8 75. Rf7+ Kg8 76. Ra7 Bxg6 77. Rg7+ Kf8 78. Rxg6 Kf7
79. Rh6 Rxb4 80. Bg5 Kg8 81. Rg6+ Kf8 82. Rg7 Rb1 83. Rb7 b4 84. Bh6+ Kg8 85.
f7+ Kh7 86. f8=Q+ Kg6 87. Rg7+ Kh5 88. Qf5+ Kxh6 89. Qg5# 1-0

[Event "FIDE World Rapid Team"]
[Site "London ENG"]
[Date "2025.06.11"]
[Round "3.5"]
[White "Ho, Ngoc Hai-Dang"]
[Black "Ding, Yiwen"]
[Result "1-0"]
[WhiteElo "1932"]
[BlackElo "1844"]
[WhiteTeam "Berlin Lasker Legends"]
[BlackTeam "Desert Penguins"]
[WhiteFideId "16206509"]
[BlackFideId "495980"]
[EventDate "2025.06.11"]
[EventType "team"]

1. e4 c6 2. d4 d5 3. e5 e6 4. Bd3 c5 5. c3 Nc6 6. Nf3 cxd4 7. cxd4 Nge7 8. Nc3
Nf5 9. Bb1 h5 10. a3 g6 11. O-O Be7 12. b4 O-O 13. Bxf5 exf5 14. Bh6 Re8 15. Qd2
Be6 16. Na4 Rc8 17. Rac1 b6 18. Nc3 Qd7 19. Bg5 Bxg5 20. Qxg5 Qe7 21. Qh6 Qf8
22. Qe3 Red8 23. Nb5 Qe7 24. Nd6 Rc7 25. Qh6 Qf8 26. Qxf8+ Kxf8 27. b5 Bd7 28.
bxc6 Bxc6 29. Nb5 Bxb5 30. Rxc7 Bxf1 31. Kxf1 Ra8 32. Ng5 a6 33. Nxf7 b5 34. Nd6
Rd8 35. Rc8 Rxc8 36. Nxc8 a5 37. Ke2 b4 38. axb4 axb4 39. Kd3 g5 40. Nd6 f4 41.
h3 g4 42. hxg4 h4 43. f3 1-0

[Event "FIDE World Rapid Team"]
[Site "London ENG"]
[Date "2025.06.11"]
[Round "3.6"]
[White "Ding, Yihua"]
[Black "Schuster, Rebekka"]
[Result "0-1"]
[WhiteElo "1536"]
[BlackElo "1806"]
[WhiteTeam "Desert Penguins"]
[BlackTeam "Berlin Lasker Legends"]
[WhiteFideId "495999"]
[BlackFideId "24674095"]
[EventDate "2025.06.11"]
[EventType "team"]

1. d4 e6 2. c4 f5 3. g3 Nf6 4. Bg2 Be7 5. Nh3 O-O 6. O-O d6 7. Nc3 e5 8. dxe5
dxe5 9. e3 c6 10. b3 Qc7 11. Bb2 Nbd7 12. Qc2 Ng4 13. Qe2 Bc5 14. Na4 Bd6 15. e4
Ndf6 16. exf5 Bxf5 17. f3 Nh6 18. g4 Nfxg4 19. fxg4 Bxg4 20. Qd3 e4 21. Qxe4
Bxh2+ 22. Kh1 Nf5 23. Rxf5 Bxf5 24. Qe2 Rae8 25. Qd2 Qg3 26. Nc3 Bxh3 27. Bxh3
Rf2 28. Qd7 Qf3+ 29. Bg2 Qxg2# 0-1

[Event "FIDE World Rapid Team"]
[Site "London ENG"]
[Date "2025.06.11"]
[Round "3.1"]
[White "Gurevich, Artjom"]
[Black "Bryant, Harry"]
[Result "1/2-1/2"]
[WhiteElo "2183"]
[BlackElo "2062"]
[WhiteTeam "Equity Bank, Kenya"]
[BlackTeam "The London Legends"]
[WhiteFideId "2603870"]
[BlackFideId "489158"]
[EventDate "2025.06.11"]
[EventType "team"]

1. d4 d5 2. Nf3 Nf6 3. c4 e6 4. g3 Be7 5. Bg2 O-O 6. Nc3 dxc4 7. Ne5 Nbd7 8.
Nxc4 c5 9. dxc5 Bxc5 10. O-O Qe7 11. Na4 Rd8 12. Nxc5 Nxc5 13. Qc2 Bd7 14. Bf4
Bb5 15. a4 Be8 16. b4 Na6 17. b5 Nb4 18. Qb3 Nfd5 19. Bd2 f5 20. Rfb1 a5 21.
bxa6 Nxa6 22. a5 Rac8 23. Ne5 Nc5 24. Qa3 Qd6 25. Nc4 Qc7 26. Bg5 Rd7 27. Bxd5
Rxd5 28. Nb6 Ne4 29. Nxd5 exd5 30. Bf4 Qc4 31. Rc1 Nc3 32. Rxc3 Qxc3 33. Qxc3
Rxc3 34. Be5 Rc2 35. e3 Bc6 36. Bd4 Bb5 37. Rb1 Ba6 38. Rb6 g5 39. f3 Be2 40. f4
gxf4 41. gxf4 Ba6 42. Rd6 Rc1+ 43. Kf2 Bc4 44. Rd7 Rb1 45. Rg7+ Kf8 46. Rxh7 Rb5
47. Bb6 Rb2+ 48. Kg3 Ba6 49. h4 Rb1 50. h5 Rg1+ 51. Kf2 Rh1 52. Kg2 Rh4 53. Bd8
Kg8 54. Rh6 Rg4+ 55. Kf2 d4 56. exd4 Rxf4+ 57. Ke3 Re4+ 58. Kf3 Rxd4 59. Bb6 Rh4
60. Kg3 Rg4+ 61. Kf3 Rh4 62. Kg3 Rh1 63. Kf4 Bd3 64. Kg5 Rh2 65. Rd6 Be4 66. h6
Rg2+ 67. Kf4 Kh7 68. Rf6 Rg6 69. Rxg6 Kxg6 70. Bc7 Kxh6 71. Bb6 Kg6 72. Bc7 Kf7
73. Bb6 Ke6 74. Bc7 Kd5 75. Bd8 Kc6 76. Bb6 Bc2 77. Ke5 Kb5 78. Kf4 Ka4 79. Ke5
Ka3 80. Kf4 Kb3 81. Ke5 Kc3 82. Kf4 Kd3 83. Kxf5 Kc4+ 84. Ke5 Kb5 85. Kd4 Ka6 1/2-1/2

[Event "FIDE World Rapid Team"]
[Site "London ENG"]
[Date "2025.06.11"]
[Round "3.2"]
[White "Dasgupta, Avyukt"]
[Black "Andiwoh, Moses"]
[Result "1-0"]
[WhiteElo "2125"]
[BlackElo "1796"]
[WhiteTeam "The London Legends"]
[BlackTeam "Equity Bank, Kenya"]
[WhiteFideId "480630"]
[BlackFideId "10801502"]
[EventDate "2025.06.11"]
[EventType "team"]

1. e4 d5 2. exd5 Nf6 3. d4 Bg4 4. Be2 Bxe2 5. Qxe2 Qxd5 6. Nf3 e6 7. O-O Bd6 8.
c4 Qh5 9. Nc3 c6 10. d5 cxd5 11. cxd5 Nxd5 12. Qb5+ Nd7 13. Qxb7 Ke7 14. Bg5+
Nf6 15. Ne4 Rab8 16. Bxf6+ gxf6 17. Qxd7+ Kxd7 18. Nxf6+ Ke7 19. Nxh5 Rxb2 20.
Ng3 Rc8 21. Rfe1 Bxg3 22. hxg3 Rcc2 23. Rf1 a5 24. Nd4 Rd2 25. Nc6+ Kf6 26. Nxa5
Rxa2 27. Rxa2 Rxa2 28. Nc4 Kg5 29. Ne5 Kf6 30. Nf3 Rb2 31. Rd1 Ra2 32. g4 h6 33.
g3 Re2 34. Kg2 Ra2 35. Rd4 Ra5 36. Rf4+ Kg7 37. Nh2 Kg6 38. Nf1 h5 39. gxh5+
Rxh5 40. Ne3 Ra5 41. Kf3 Ra3 42. Rg4+ Kf6 43. Rc4 Kg6 44. Kf4 Ra5 45. g4 Ra2 46.
f3 f6 47. Rc6 Ra4+ 48. Kg3 Kf7 49. Ng2 Ra1 50. Nf4 Re1 51. Rc7+ Kf8 52. Nh5 f5
53. gxf5 exf5 54. Kf4 Rf1 55. Ng3 Rf2 56. Nxf5 Ra2 57. Kg5 Ra6 58. f4 Ra5 59.
Rd7 Ke8 60. Re7+ Kf8 61. Re5 Ra6 62. Nh4 Kf7 63. Rb5 Rc6 64. f5 Rc1 65. Rb7+ Kg8
66. Ng6 Ra1 67. Rb8+ Kg7 68. f6+ Kf7 69. Rf8+ Ke6 70. Re8+ Kf7 71. Re7+ 1-0

[Event "FIDE World Rapid Team"]
[Site "London ENG"]
[Date "2025.06.11"]
[Round "3.3"]
[White "Mutisya, Jully"]
[Black "Patel, Zain"]
[Result "0-1"]
[WhiteTitle "WCM"]
[WhiteElo "1822"]
[BlackElo "2045"]
[WhiteTeam "Equity Bank, Kenya"]
[BlackTeam "The London Legends"]
[WhiteFideId "10814922"]
[BlackFideId "469246"]
[EventDate "2025.06.11"]
[EventType "team"]

1. d4 Nf6 2. Nf3 e6 3. Bf4 d5 4. e3 c5 5. Nbd2 Bd6 6. Bg3 Qc7 7. c4 Nbd7 8. Rc1
O-O 9. cxd5 Nxd5 10. Bd3 Nb4 11. Bb1 f5 12. a3 Nd5 13. dxc5 Bxg3 14. hxg3 N7f6
15. b4 a5 16. b5 Rd8 17. O-O Ng4 18. Nd4 Ndxe3 19. fxe3 Nxe3 20. Qf3 Nxf1 21.
Nxe6 Bxe6 22. Nxf1 Qe5 23. Ne3 Qb2 24. Rf1 Qxb5 25. Bxf5 Bxf5 26. Nxf5 Qxc5+ 27.
Kh1 Qc7 28. Rb1 Qd7 29. Rxb7 Qd1+ 30. Qxd1 Rxd1+ 31. Kh2 Rf1 32. Rxg7+ Kh8 33.
Rg5 a4 34. Nh6 Rf6 35. Nf5 Ra5 36. g4 Rg6 37. Rh5 Rxg4 38. Kh3 Rg6 39. g4 Rb5
40. Kh4 Rb1 41. Ng3 Rc1 42. Ra5 Rc4 43. Ra8+ Rg8 44. Rxg8+ Kxg8 45. Nf5 Rc3 46.
Ne7+ Kf7 47. Nc6 Rxc6 0-1

[Event "FIDE World Rapid Team"]
[Site "London ENG"]
[Date "2025.06.11"]
[Round "3.5"]
[White "Ongono, Victor"]
[Black "Mokhber-Garcia, Sebastian"]
[Result "0-1"]
[WhiteElo "1560"]
[BlackElo "1853"]
[WhiteTeam "Equity Bank, Kenya"]
[BlackTeam "The London Legends"]
[WhiteFideId "10805214"]
[BlackFideId "499269"]
[EventDate "2025.06.11"]
[EventType "team"]

1. e4 c5 2. f4 Nf6 3. Nc3 d5 4. exd5 Nxd5 5. Nxd5 Qxd5 6. d3 Nc6 7. Nf3 Bg4 8.
Be2 g6 9. O-O Bg7 10. Qe1 O-O 11. Qh4 Bd7 12. Ng5 h6 13. Ne4 Nd4 14. Bd1 Nf5 15.
Qe1 Bc6 16. Bf3 Qd7 17. Nxc5 Bd4+ 18. Kh1 Bxc5 19. Bg4 Qd5 20. Bf3 Qd6 21. Bg4
Nd4 22. Qd2 f5 23. Bh3 Ne6 24. c3 a5 25. d4 Bb6 26. Qe1 Nc7 27. Bd2 Nd5 28. Qg3
Qf6 29. Rae1 Qf7 30. c4 Nf6 31. d5 Bd7 32. Re2 Rfd8 33. Rfe1 Ne4 34. Qd3 e6 35.
Qb3 Bc5 36. dxe6 Bxe6 37. Qc2 Rxd2 38. Rxd2 Nxd2 39. Qxd2 Bb4 40. Qe3 Bxe1 41.
Qxe1 Bxc4 42. g3 Re8 43. Qc1 Bd5+ 44. Kg1 Qf6 45. Qd2 Qb6+ 46. Kf1 Bc4+ 47. Kg2
Re2+ 0-1

[Event "FIDE World Rapid Team"]
[Site "London ENG"]
[Date "2025.06.11"]
[Round "3.6"]
[White "Kodukula, Sameera"]
[Black "Kuka Kyle"]
[Result "1/2-1/2"]
[WhiteElo "1647"]
[BlackElo "1892"]
[WhiteTeam "The London Legends"]
[BlackTeam "Equity Bank, Kenya"]
[WhiteFideId "343413994"]
[BlackFideId "10831533"]
[EventDate "2025.06.11"]
[EventType "team"]

1. Nf3 d5 2. d4 Nf6 3. Bf4 c5 4. e3 Nc6 5. c3 Qb6 6. Qb3 c4 7. Qxb6 axb6 8. Nbd2
b5 9. Ne5 e6 10. h3 b4 11. Nxc6 bxc6 12. cxb4 Bxb4 13. Ke2 c3 14. bxc3 Bxc3 15.
Rc1 Ba6+ 16. Kd1 Bxd2 17. Kxd2 Bxf1 18. Rhxf1 Rxa2+ 19. Kd3 Ne4 20. Rc2 Rxc2 21.
Kxc2 O-O 22. f3 Nf6 23. Be5 Nd7 24. Bd6 Rc8 25. Ra1 c5 26. dxc5 Nxc5 27. Bxc5
Rxc5+ 28. Kd3 g6 29. Ra2 Kg7 30. Ra4 Kf6 31. Rf4+ Ke7 32. Ra4 Rc1 33. Ra2 h5 34.
Rb2 Kf6 35. Ra2 Kg5 36. Ke2 Kf5 37. Ra4 Rc2+ 38. Kf1 Rd2 39. Rf4+ Ke5 1/2-1/2